000 01122nac a22003017a 4500
001 BR8400443
003 BR-BrBNA
005 20240105115928.0
008 230509b bl.|||m| |||| 00| 0 por d
040 _aBR-BrBNA
_bpor
_cBiblioteca Nacional de Agricultura
072 _aF00
090 _a2480 BR8400443
100 1 _aGoncalves, P. de S.
100 1 _aPaiva, J.R. de
100 1 _aRodrigues, F.M.
100 1 _aSouza, R.F. de
110 1 _aCentro Nacional de Pesquisa da Seringueira e Dende, Manaus, AM (Brasil)
245 1 _aPreparo e utilizacao do "toco-alto-avancado" na recuperacao de plantios de seringueira [Hevea brasiliensis]
246 1 _a[Preparation and utilization of the "high-advanced-stub" in the recuperation of rubber plantings [Hevea brasiliensis]]
260 3 _aManaus, AM (Brasil):
_c1983.
300 _a10 p.
490 _aComunicado Tecnico - Centro Nacional de Pesquisa de Seringueira e Dende (Brazil)
_vno. 27
_xISSN 0101-2118
500 _a19 illus.
650 _aSERINGUEIRA
650 _aPLANTIO
909 _a202312
_bLúcia Elande
_c55
_dLúcia Elande
942 _2AGRIS
_n0
_cMS
999 _c277120
_d277120